000 00363nam a22001457a 4500
003 OSt
008 250530b |||||||| |||| 00| 0 eng d
020 _a9781938477072
100 _aSATCHIDANANDA, Sri Swami
245 _aThe Yoga Sutras of Patanjali
260 _aUnited State Of America
_bIntegral Yoga
300 _a252
650 _aGeneral
942 _2ddc
_cBK
999 _c13633
_d13633